00727nam a22001935i 450000100060000000300090000600500170001500700030003200800410003502000180007604000220009408000120011610000320012824502480016026000530040830000210046165000180048285200330050012239ES-MaACL20230906150253.0t|960130s1994 sp ||||0| spa j a84-604-9624-4 aM-BN bspa cM-BN a113/1191 aCuadrado Alvárez, Rafael.10aRealismo filosófico científico y aplicabilidad de la teoría de los órdenes dimensionales de aglomeración nuclear (O.D.A.N.) b: (quinto, sexto y séptimo desarrollos de mi concepción ontocosmológica) / cRafael Cuadrado Alvarez. aMadrid [Angel Larra, 4] : bR. Cuadrado, c1994. a290 p ; c24 cm.14aCosmología. aES-MaACLjL-19564 bR.126017